01173nam a22001935i 4500001000700000003000900007005001700016008004100033040003000074100003400104245028000138260008700418300002000505505032300525650003800848752002400886752002700910852004200937166937ES-MaACL20251015063150.0000713m18831887fr |||| | fre d aCCPB | B bspa cCCPB | B1 aVallée, Léon, d18-?-191910aBibliographie des bibliographies b: première partie catalogue des bibliographies générales et particulières, par ordre alphabétique d´auters ... seconde partie répertoire des mèmes bibliographies par ordre alphabétique de matières / cpar Léon Vallée. aParis : bE.M. Terquem, c1883-1887 (eStuttgart : fimprimerie Kröner Frères) a2 v. ; c26 cm.8 aContiene: 1. Catalogue des bibliographies générales et particulières, par ordre alphabétique d'auteurs, avec indication complète du titre, des lieu et date de publication, du format, etc. (VI, 773 p.) -- 2. Répertoire des mêmes bibliographies par ordre alphabétique de matières. Supplément (354 p.) 4aBibliografía-vBibliografías. aFrancia - dParís aAlemania - dStuttgart aES-MaACLjB-3878-3879 z-- Enc. pasta